书目信息 |
| 题名: |
保卫列宁格勒
|
|
| 作者: | 陈仲厚 编写 | |
| 分册: | ||
| 出版信息: | 上海 上海人民出版社 1980 |
|
| 页数: | 134页 | |
| 开本: | 19cm | |
| 丛书名: | ||
| 单 册: | ||
| 中图分类: | K512.54 | |
| 科图分类: | ||
| 主题词: | 列宁格勒保卫战(1941-1944) | |
| 电子资源: | ||
| ISBN: | ||
| 000 | 00612nam0 2200229 45 | |
| 001 | 0180000821 | |
| 005 | 20060801104100.06 | |
| 010 | @dCNY0.31 | |
| 091 | @a11074.421 | |
| 100 | @a19950427d1980 em y0chiy0121 ea | |
| 101 | 0 | @achi |
| 102 | @aCN@b310000 | |
| 105 | @afc z 000yy | |
| 200 | 10 | @a保卫列宁格勒@Abao wei lie ning ge le@f陈仲厚编写 |
| 210 | @a上海@c上海人民出版社@d1980 | |
| 215 | @a134页@c图照@d19cm | |
| 606 | @a列宁格勒保卫战(1941-1944) | |
| 690 | @aK512.54@v3 | |
| 701 | 0 | @a陈仲厚@Achen zhong hou@4编写 |
| 801 | 0 | @aCN@bTSSF@c20060801 |
| 801 | 2 | @aCN@bNLC@c20060719 |
| 905 | @dK512.54@e32 | |
| 保卫列宁格勒/陈仲厚编写.-上海:上海人民出版社,1980 |
| 134页:图照;19cm |
| ISBN :CNY0.31 |
| ● |
| 相关链接 |
|
|
|
|
正题名:保卫列宁格勒
索取号:K512.54/32
 
预约/预借
| 序号 | 登录号 | 条形码 | 馆藏地/架位号 | 状态 | 备注 |
| 1 | 0434950 | 204349507 | 密集书库/ [索取号:K512.54/32] | 在馆 | |
| 2 | 0434951 | 204349516 | 密集书库/ [索取号:K512.54/32] | 在馆 | |
| 3 | 0444076 | 204440765 | 密集书库/ [索取号:K512.54/32] | 在馆 | |
| 4 | 0462953 | 204629535 | 密集书库/ [索取号:K512.54/32] | 在馆 |